Ciutats més grans de les comarques lleidatanes (Catalunya) - Statistics

General Stats
  • This quiz has been taken 111 times
  • The average score is 8 of 10
Answer Stats
Habitants Resposta % Correct
140.797 Lleida
100%
17.810 Tàrrega
98%
14.730 Mollerussa
95%
9.393 Cervera
90%
17.460 Balaguer
89%
12.261 La Seu d'Urgell
75%
9.637 Alcarràs
72%
9.131 Solsona
69%
7.390 Guissona
54%
6.922 Almacelles
40%
No matching quizzes found
Score Distribution
Percent of People with Each Score
Percentile by Number Answered
Your Score History
You have not taken this quiz